[Event "SVK Amateur-ch 2020"]
[Site "Topolcany"]
[Date "2020.07.11"]
[Round "3.18"]
[White "Kolesar, Peter"]
[Black "Macko, Michal"]
[Result "1/2-1/2"]
[WhiteElo "2002"]
[BlackElo "2145"]
[Annotator "ChessBase"]
[PlyCount "43"]
[EventDate "2020.07.10"]
[EventType "swiss"]
[EventCountry "SVK"]
[SourceTitle "playchess.com"]
[Source "ChessBase"]
[SourceQuality "1"]
[TimeControl "3600+30"]

1. e4 {[%emt 0:02:50]} c5 {[%emt 0:00:00]} 2. Nf3 {[%emt 0:00:11]} e6 {[%emt 0:00:00]} 3. d4 {[%emt 0:00:36]} cxd4 {[%emt 0:00:00]} 4. Nxd4 {[%emt 0:00:04]} Nc6 {[%emt 0:00:00]} 5. c3 {[%emt 0:04:21]} Qc7 {[%emt 0:02:33]} 6. g3 {[%emt 0:03:37]} d6 {[%emt 0:01:20]} 7. Bg2 {[%emt 0:00:18]} Bd7 {[%emt 0:00:04]} 8. Nb5 {[%emt 0:03:08]} Qb8 {[%emt 0:00:05]} 9. a4 {[%emt 0:00:51]} a6 {[%emt 0:04:38]} 10. Nd4 {[%emt 0:02:50]} Nf6 {[%emt 0:00:44]} 11. O-O {[%emt 0:00:13]} Be7 {[%emt 0:01:01]} 12. Be3 {[%emt 0:00:37]} Qc7 {[%emt 0:00:40]} 13. Na3 {[%emt 0:02:45]} Rc8 {[%emt 0:01:20]} 14. Nac2 {[%emt 0:00:22]} Ne5 {[%emt 0:00:34]} 15. Bc1 {[%emt 0:07:02]} O-O {[%emt 0:07:30]} 16. Ne3 {[%emt 0:00:56]} b5 {[%emt 0:01:42]} 17. axb5 {[%emt 0:00:23]} axb5 {[%emt 0:00:04]} 18. h3 {[%emt 0:05:10]} Qb6 {[%emt 0:01:49]} 19. Qe2 {[%emt 0:00:54]} Rb8 {[%emt 0:06:26]} 20. f4 {[%emt 0:05:38]} Nc6 {[%emt 0:01:12]} 21. Rd1 {[%emt 0:01:41]} Nxd4 {[%emt 0:03:43]} 22. cxd4 {[%emt 0:02:43]} 1/2-1/2

[Event "SVK Amateur-ch 2020"]
[Site "Topolcany"]
[Date "2020.07.11"]
[Round "3.19"]
[White "Nikel, Rastislav"]
[Black "Strachan, Jan"]
[Result "1-0"]
[WhiteElo "1982"]
[BlackElo "2130"]
[Annotator "TA"]
[PlyCount "43"]
[EventDate "2020.07.10"]
[EventType "swiss"]
[EventCountry "SVK"]
[SourceTitle "playchess.com"]
[Source "ChessBase"]
[SourceQuality "1"]

{[%evp 16,43,20,10,33,-48,6,-20,-13,-42,-31,-38,0,0,0,-6,-4,-18,-23,-56,-7,-58,-33,-50,0,0,0,0,15,17]} 1. d4 Nf6 2. c4 g6 3. Nc3 d5 4. cxd5 Nxd5 5. e4 Nxc3 6. bxc3 Bg7 7. Be3 O-O 8. Nf3 $1 {[%mdl 4] is now more promising than 8.Qd2. 8.Rc1 is not played anymore.} c5 9. Be2 cxd4 {D85: Exchange Grünfeld: Unusual White 7th moves and lines with 7 Nf3.} 10. Bxd4 {[#]} ({Better is} 10. cxd4 $14 f5 11. Qb3+ e6 12. O-O) 10... Bh6 $146 (10... Qc7 $15) ({Predecessor:} 10... Nc6 11. O-O Bg4 12. Bxg7 Qxd1 13. Rfxd1 Kxg7 {½-½ (13) Wehrle,U (2117)-Jud,M (2032) Basel 2013}) 11. O-O Nc6 12. h3 Qc7 13. Bb5 a6 14. Bxc6 Qxc6 15. Qe2 Be6 {White must now prevent ...Bc4.} 16. Ne5 Qc7 17. Ng4 {[%cal Rg4h6] [#]} Bg5 {Hoping for ...Bc4.} (17... Bxg4 $5 18. hxg4 e5 $15) 18. h4 (18. Rfd1 $11) 18... Bf4 {...Bc4 is the strong threat.} (18... Bxg4 $5 19. Qxg4 Bf4 $15) 19. g3 h5 (19... Bxg4 $5 20. Qxg4 e5 21. gxf4 exd4 22. cxd4 f5 $17) 20. gxf4 {The position is equal.} Bxg4 21. Qe3 Bd7 22. f5 {[%mdl 32768] Accuracy: White = 47%, Black = 53%. . Loss on time!?} 1-0

[Event "SVK Amateur-ch 2020"]
[Site "Topolcany"]
[Date "2020.07.11"]
[Round "3.20"]
[White "Skreno, Vladimir"]
[Black "Holly, Andrej"]
[Result "0-1"]
[WhiteElo "2119"]
[BlackElo "2011"]
[Annotator "ChessBase"]
[PlyCount "87"]
[EventDate "2020.07.10"]
[EventType "swiss"]
[EventCountry "SVK"]
[SourceTitle "playchess.com"]
[Source "ChessBase"]
[SourceQuality "1"]
[TimeControl "3600+30"]

1. d4 {[%emt 0:00:00]} f5 {[%emt 0:00:00]} 2. e4 {[%emt 0:00:27]} fxe4 {[%emt 0:00:00]} 3. Nc3 {[%emt 0:00:03]} Nf6 {[%emt 0:00:00]} 4. Bg5 {[%emt 0:00:11]} c6 {[%emt 0:01:05]} 5. Bxf6 {[%emt 0:02:28]} exf6 {[%emt 0:00:05]} 6. Nxe4 {[%emt 0:00:55]} d5 {[%emt 0:00:37]} 7. Ng3 {[%emt 0:00:59]} Bd6 {[%emt 0:03:42]} 8. Bd3 {[%emt 0:04:13]} O-O {[%emt 0:01:05]} 9. Qd2 {[%emt 0:07:49]} f5 {[%emt 0:05:24]} 10. f4 {[%emt 0:02:29]} Qh4 {[%emt 0:05:56]} 11. N1e2 {[%emt 0:00:41]} Nd7 {[%emt 0:00:19]} 12. O-O-O {[%emt 0:00:55]} g6 {[%emt 0:01:02]} 13. Kb1 {[%emt 0:10:41]} Nf6 {[%emt 0:00:44]} 14. Rdf1 {[%emt 0:07:03]} Bd7 {[%emt 0:03:50]} 15. Ng1 {[%emt 0:03:49]} Ne4 {[%emt 0:01:34]} 16. Nxe4 {[%emt 0:03:15]} fxe4 {[%emt 0:06:14]} 17. g3 {[%emt 0:00:09]} Qe7 {[%emt 0:00:11]} 18. Re1 {[%emt 0:01:43]} Qg7 {[%emt 0:01:54]} 19. Bf1 {[%emt 0:02:59]} a5 {[%emt 0:00:42]} 20. h4 {[%emt 0:00:48]} a4 {[%emt 0:03:13]} 21. h5 {[%emt 0:05:38]} a3 {[%emt 0:02:33]} 22. b3 {[%emt 0:02:28]} c5 {[%emt 0:02:05]} 23. Ne2 {[%emt 0:01:19]} Rfe8 {[%emt 0:06:52]} 24. Qe3 {[%emt 0:01:30]} Bg4 {[%emt 0:01:08]} 25. hxg6 {[%emt 0:00:45]} hxg6 {[%emt 0:01:02]} 26. c3 {[%emt 0:01:08]} Bf3 {[%emt 0:05:17]} 27. Rh2 {[%emt 0:00:33]} Rac8 {[%emt 0:02:40]} 28. Bh3 {[%emt 0:00:53]} Bxe2 {[%emt 0:03:11]} 29. Rhxe2 {[%emt 0:02:14]} cxd4 {[%emt 0:01:14]} 30. cxd4 {[%emt 0:00:59]} Rc7 {[%emt 0:02:04]} 31. Rc1 {[%emt 0:01:36]} Rxc1+ {[%emt 0:04:51]} 32. Kxc1 {[%emt 0:00:01]} Bb4 {[%emt 0:03:15]} 33. Rc2 {[%emt 0:02:21]} Qh7 {[%emt 0:00:05]} 34. g4 {[%emt 0:00:51]} Bd6 {[%emt 0:00:56]} 35. f5 {[%emt 0:01:01]} Qh4 {[%emt 0:01:45]} 36. Rf2 {[%emt 0:01:38]} Bg3 {[%emt 0:00:42]} 37. Rg2 {[%emt 0:00:26]} Qxh3 {[%emt 0:00:26]} 38. Qxg3 {[%emt 0:00:56]} Qxg3 {[%emt 0:00:37]} 39. Rxg3 {[%emt 0:00:01]} gxf5 {[%emt 0:00:26]} 40. gxf5+ {[%emt 0:00:17]} Kf7 {[%emt 0:00:02]} 41. Kd2 {[%emt 0:01:03]} Kf6 {[%emt 0:00:25]} 42. b4 {[%emt 0:00:55]} Kxf5 {[%emt 0:00:29]} 43. Ke3 {[%emt 0:00:47]} Rh8 {[%emt 0:00:25]} 44. Rg7 0-1

[Event "SVK Amateur-ch 2020"]
[Site "Topolcany"]
[Date "2020.07.11"]
[Round "3.21"]
[White "Cedzo, Adam"]
[Black "Bochnicka, Vladimir"]
[Result "0-1"]
[WhiteElo "1950"]
[BlackElo "2092"]
[Annotator "ChessBase"]
[PlyCount "54"]
[EventDate "2020.07.10"]
[EventType "swiss"]
[EventCountry "SVK"]
[SourceTitle "playchess.com"]
[Source "ChessBase"]
[SourceQuality "1"]
[TimeControl "3600+30"]

1. e4 {[%emt 0:00:00]} c5 {[%emt 0:00:00]} 2. Nf3 {[%emt 0:00:00]} Nc6 {[%emt 0:00:25]} 3. d4 {[%emt 0:02:00]} cxd4 {[%emt 0:00:09]} 4. Nxd4 {[%emt 0:00:20]} Nf6 {[%emt 0:00:39]} 5. Nc3 {[%emt 0:00:19]} e5 {[%emt 0:00:08]} 6. Ndb5 {[%emt 0:00:37]} d6 {[%emt 0:00:10]} 7. Na3 {[%emt 0:00:43]} a6 {[%emt 0:01:18]} 8. Nc4 {[%emt 0:04:06]} b5 {[%emt 0:02:04]} 9. Ne3 {[%emt 0:01:32]} Be6 {[%emt 0:01:40]} 10. f3 {[%emt 0:04:11]} Be7 {[%emt 0:01:49]} 11. Bd3 {[%emt 0:01:41]} O-O {[%emt 0:00:16]} 12. O-O {[%emt 0:05:42]} Rc8 {[%emt 0:05:14]} 13. a4 {[%emt 0:04:28]} b4 {[%emt 0:00:58]} 14. Ne2 {[%emt 0:02:42]} a5 {[%emt 0:01:05]} 15. Kh1 {[%emt 0:03:19]} d5 {[%emt 0:15:21]} 16. Ng3 {[%emt 0:06:26]} Bc5 {[%emt 0:11:25]} 17. Nef5 {[%emt 0:03:52]} Nd4 {[%emt 0:01:01]} 18. Bg5 {[%emt 0:02:04]} Bxf5 {[%emt 0:03:41]} 19. exf5 {[%emt 0:01:31]} h6 {[%emt 0:00:37]} 20. Bh4 {[%emt 0:00:56]} Be7 {[%emt 0:05:10]} 21. Re1 {[%emt 0:15:39]} Qc7 {[%emt 0:02:01]} 22. Rc1 {[%emt 0:00:55]} Ng4 {[%emt 0:03:09]} 23. fxg4 {[%emt 0:01:44]} Bxh4 {[%emt 0:00:20]} 24. Rf1 {[%emt 0:03:35]} Bg5 {[%emt 0:00:38]} 25. f6 {[%emt 0:01:53]} g6 {[%emt 0:04:12]} 26. Rf2 {[%emt 0:01:58]} Kh7 {[%emt 0:05:53]} 27. Rb1 {[%emt 0:00:40]} Be3 0-1

[Event "SVK Amateur-ch 2020"]
[Site "Topolcany"]
[Date "2020.07.11"]
[Round "3.22"]
[White "Sarkozi, Szabolcs"]
[Black "Redzisz, Michal"]
[Result "0-1"]
[WhiteElo "2100"]
[BlackElo "1972"]
[Annotator "ChessBase"]
[PlyCount "48"]
[EventDate "2020.07.10"]
[EventType "swiss"]
[EventCountry "SVK"]
[SourceTitle "playchess.com"]
[Source "ChessBase"]
[SourceQuality "1"]
[TimeControl "3600+30"]

1. f4 {[%emt 0:01:11]} e5 {[%emt 0:02:08]} 2. fxe5 {[%emt 0:00:12]} d6 {[%emt 0:00:04]} 3. exd6 {[%emt 0:00:01]} Bxd6 {[%emt 0:00:06]} 4. Nf3 {[%emt 0:00:12]} g5 {[%emt 0:00:05]} 5. g3 {[%emt 0:00:07]} g4 {[%emt 0:00:04]} 6. Nh4 {[%emt 0:00:07]} Ne7 {[%emt 0:00:01]} 7. Bg2 {[%emt 0:01:14]} Ng6 {[%emt 0:01:42]} 8. Nxg6 {[%emt 0:09:13]} hxg6 {[%emt 0:00:26]} 9. e3 {[%emt 0:11:14]} Rxh2 {[%emt 0:19:29]} 10. Rxh2 {[%emt 0:00:05]} Bxg3+ {[%emt 0:00:03]} 11. Ke2 {[%emt 0:00:02]} Bxh2 {[%emt 0:00:06]} 12. Qh1 {[%emt 0:00:16]} g3 {[%emt 0:00:28]} 13. Bxb7 {[%emt 0:05:16]} Bxb7 {[%emt 0:01:48]} 14. Qxb7 {[%emt 0:00:02]} c6 {[%emt 0:01:08]} 15. Qb4 {[%emt 0:02:51]} Qd5 {[%emt 0:04:00]} 16. Nc3 {[%emt 0:02:52]} Qg2+ {[%emt 0:23:47]} 17. Kd3 {[%emt 0:00:02]} Qf1+ {[%emt 0:03:34]} 18. Ne2 {[%emt 0:00:57]} g2 {[%emt 0:00:30]} 19. b3 {[%emt 0:10:05]} g1=Q {[%emt 0:01:50]} 20. Qe4+ {[%emt 0:08:15]} Kd7 {[%emt 0:00:09]} 21. Bb2 {[%emt 0:02:03]} Qxa1 {[%emt 0:01:25]} 22. Qd4+ {[%emt 0:01:05]} Kc7 {[%emt 0:01:41]} 23. Bxa1 {[%emt 0:00:40]} Qf1 {[%emt 0:00:35]} 24. Qh8 {[%emt 0:04:07]} Qf5+ {[%emt 0:01:09]} 0-1

[Event "SVK Amateur-ch 2020"]
[Site "Topolcany"]
[Date "2020.07.11"]
[Round "3.23"]
[White "Kapusta, Petr"]
[Black "Mrkvik, Jan"]
[Result "1-0"]
[WhiteElo "2115"]
[BlackElo "1942"]
[Annotator "ChessBase"]
[PlyCount "59"]
[EventDate "2020.07.10"]
[EventType "swiss"]
[EventCountry "SVK"]
[SourceTitle "playchess.com"]
[Source "ChessBase"]
[SourceQuality "1"]
[TimeControl "3600+30"]

1. e4 {[%emt 0:00:31]} d5 {[%emt 0:00:00]} 2. exd5 {[%emt 0:00:07]} Qxd5 {[%emt 0:00:00]} 3. Nc3 {[%emt 0:00:05]} Qa5 {[%emt 0:00:19]} 4. d4 {[%emt 0:00:07]} Nf6 {[%emt 0:00:28]} 5. Nf3 {[%emt 0:00:35]} Bf5 {[%emt 0:00:54]} 6. Bc4 {[%emt 0:00:15]} e6 {[%emt 0:01:03]} 7. Bd2 {[%emt 0:00:09]} c6 {[%emt 0:01:13]} 8. Qe2 {[%emt 0:00:09]} h6 {[%emt 0:05:39]} 9. O-O-O {[%emt 0:00:52]} Qc7 {[%emt 0:04:35]} 10. Rhe1 {[%emt 0:01:23]} Be7 {[%emt 0:04:04]} 11. Nh4 {[%emt 0:01:07]} Bh7 {[%emt 0:09:28]} 12. g3 {[%emt 0:02:31]} O-O {[%emt 0:03:00]} 13. f4 {[%emt 0:02:37]} Bd6 {[%emt 0:02:12]} 14. Nf3 {[%emt 0:03:59]} b5 {[%emt 0:03:58]} 15. Bd3 {[%emt 0:01:14]} Bxd3 {[%emt 0:02:17]} 16. Qxd3 {[%emt 0:00:06]} a5 {[%emt 0:00:27]} 17. Ne5 {[%emt 0:00:54]} Nbd7 {[%emt 0:02:10]} 18. g4 {[%emt 0:00:50]} Bxe5 {[%emt 0:07:11]} 19. fxe5 {[%emt 0:00:12]} Nh7 {[%emt 0:01:05]} 20. h4 Rfb8 21. g5 {[%emt 0:01:43]} hxg5 {[%emt 0:02:05]} 22. hxg5 {[%emt 0:00:09]} Qd8 {[%emt 0:05:49]} 23. Ne4 {[%emt 0:01:23]} g6 {[%emt 0:02:46]} 24. Rh1 {[%emt 0:00:45]} Qf8 {[%emt 0:03:04]} 25. Nf6+ {[%emt 0:02:33]} Ndxf6 {[%emt 0:01:17]} 26. gxf6 {[%emt 0:00:13]} Nxf6 {[%emt 0:02:11]} 27. exf6 {[%emt 0:00:10]} Qd8 {[%emt 0:00:02]} 28. Rdf1 {[%emt 0:00:19]} Qd5 {[%emt 0:00:16]} 29. Qh3 {[%emt 0:00:26]} Qh5 {[%emt 0:00:33]} 30. Qxh5 {[%emt 0:00:09]} 1-0

[Event "SVK Amateur-ch 2020"]
[Site "Topolcany"]
[Date "2020.07.11"]
[Round "3.25"]
[White "Belus, Benjamin"]
[Black "Szitas, Gabor"]
[Result "0-1"]
[WhiteElo "1919"]
[BlackElo "2082"]
[Annotator "ChessBase"]
[PlyCount "62"]
[EventDate "2020.07.10"]
[EventType "swiss"]
[EventCountry "SVK"]
[SourceTitle "playchess.com"]
[Source "ChessBase"]
[SourceQuality "1"]
[TimeControl "3600+30"]

1. c4 {[%emt 0:10:15]} e5 {[%emt 0:01:01]} 2. g3 {[%emt 0:02:13]} Nc6 {[%emt 0:00:14]} 3. Bg2 {[%emt 0:00:02]} Bc5 {[%emt 0:00:16]} 4. Nc3 {[%emt 0:00:20]} a6 {[%emt 0:01:52]} 5. e3 {[%emt 0:00:18]} d6 {[%emt 0:00:43]} 6. Nge2 {[%emt 0:00:48]} Nge7 {[%emt 0:00:49]} 7. d4 {[%emt 0:01:28]} exd4 {[%emt 0:01:10]} 8. exd4 {[%emt 0:00:03]} Ba7 {[%emt 0:00:06]} 9. O-O {[%emt 0:01:09]} Rb8 {[%emt 0:10:20]} 10. a4 {[%emt 0:02:59]} Bg4 {[%emt 0:06:08]} 11. Be3 {[%emt 0:03:22]} O-O {[%emt 0:14:10]} 12. Rb1 {[%emt 0:06:57]} Bf5 {[%emt 0:02:19]} 13. Rc1 {[%emt 0:00:37]} h6 {[%emt 0:04:02]} 14. Qd2 {[%emt 0:02:35]} Na5 {[%emt 0:00:31]} 15. Bxh6 {[%emt 0:05:51]} Nb3 {[%emt 0:04:14]} 16. Qg5 {[%emt 0:00:32]} Bg6 {[%emt 0:00:13]} 17. Rcd1 {[%emt 0:10:18]} gxh6 {[%emt 0:01:33]} 18. Qxh6 {[%emt 0:00:07]} Nf5 {[%emt 0:04:07]} 19. Qf4 {[%emt 0:00:05]} c6 {[%emt 0:07:58]} 20. Ne4 {[%emt 0:01:25]} Nbxd4 {[%emt 0:03:03]} 21. Nxd4 {[%emt 0:00:30]} Nxd4 {[%emt 0:00:37]} 22. Nf6+ {[%emt 0:01:46]} Kg7 {[%emt 0:00:08]} 23. Rxd4 {[%emt 0:08:14]} Bxd4 {[%emt 0:01:24]} 24. Ng4 {[%emt 0:00:37]} Be5 {[%emt 0:00:25]} 25. Qh6+ {[%emt 0:00:16]} Kg8 {[%emt 0:00:03]} 26. f4 {[%emt 0:00:29]} Bg7 {[%emt 0:00:21]} 27. Qh3 {[%emt 0:00:24]} f5 {[%emt 0:01:32]} 28. Nh6+ {[%emt 0:00:34]} Bxh6 {[%emt 0:00:05]} 29. Qxh6 {[%emt 0:00:05]} Qf6 {[%emt 0:00:15]} 30. Bf3 {[%emt 0:04:37]} Rf7 {[%emt 0:00:15]} 31. Qg7+ Kxg7 0-1

[Event "SVK Amateur-ch 2020"]
[Site "Topolcany"]
[Date "2020.07.11"]
[Round "3.26"]
[White "Mirowska, Oliwia"]
[Black "Tropp, Oliver"]
[Result "0-1"]
[WhiteElo "1898"]
[BlackElo "2087"]
[Annotator "TA"]
[PlyCount "98"]
[EventDate "2020.07.10"]
[EventType "swiss"]
[EventCountry "SVK"]
[SourceTitle "playchess.com"]
[Source "ChessBase"]
[SourceQuality "1"]

{[%evp 11,98,-20,-18,-18,-3,-20,23,0,12,-12,11,10,12,6,7,2,26,-13,-11,-73,-68,-114,-5,-84,-84,-111,-58,-65,-61,-149,-105,-113,-99,-99,-94,-94,-95,-93,-89,-240,-240,-240,-240,-238,-235,-235,-233,-250,-250,-247,-247,-277,-283,-272,-238,-351,-331,-375,-365,-507,-492,-479,-467,-604,-599,-586,-591,-555,-526,-777,-753,-1067,-1035,-922,-588,-548,0,-910,-904,-4775,-4750,-29950,-29942,-29946,-29937,-5780,-610,-5895,-5731]} 1. e4 e6 2. d4 d5 3. Nd2 c5 4. dxc5 Bxc5 5. Nb3 Bb6 6. exd5 exd5 7. Bd3 {C08: French Tarrasch: 3...c5 4 exd5 exd5 sidelines.} Nc6 8. c3 Nge7 (8... Nf6 {with more complications.} 9. Nf3 O-O 10. O-O Re8 11. Bf4 Bg4) 9. Ne2 {White has an edge.} Bg4 {[#]} 10. Bf4 $146 ({Predecessor:} 10. f3 Be6 11. Bg5 h6 12. Bf4 g5 13. Bd2 Ne5 14. Bb5+ Bd7 15. Bxd7+ Qxd7 16. Qc2 {0-1 (48) Zoeller,B (1985)-Sadeghi,B (2215) Bayern 1999}) 10... Rc8 11. O-O O-O 12. Qd2 Ng6 13. Bg3 Re8 14. Nf4 d4 15. c4 (15. Rfe1 $11 {remains equal.}) 15... Nce5 $17 {White must now prevent ...Nxf4.} 16. Rfe1 Nxf4 (16... Nxd3 $17 17. Rxe8+ Qxe8 18. Nxd3 Rxc4) 17. Bxf4 (17. Rxe5 $1 $11 {keeps the balance.} Nxd3 18. Qxd3) 17... Nxc4 18. Bxc4 Rxe1+ (18... Rxc4 $17 19. Na5 Bxa5 20. Qxa5 d3) 19. Rxe1 $15 {Bd3 is the strong threat.} Rxc4 {[#]} 20. Qd3 (20. Na5 $1 $15 {[%mdl 512]} Rc8 (20... Bxa5 21. Qxa5) 21. Nxb7) 20... Rc6 21. Nxd4 g5 ({And not} 21... Bxd4 22. Qxd4 $1 {[%mdl 512]} Qc8 23. Qxa7 $16) 22. Be5 {[#]} Re6 $1 {[%mdl 576] Hoping for ...Qxd4! Pin} 23. Re3 {[#]} (23. Nxe6 Qxd3) 23... Rxe5 $1 {[%mdl 576] Remove Defender} 24. Rxe5 Bxd4 $40 {[%mdl 128] Black wants a kill.} 25. Kf1 $2 {[#]} (25. Qd2 $17 Be6 26. Qxg5+ Qxg5 27. Rxg5+ Kf8 28. b3) 25... Be6 $1 $19 {[%cal Re6c4] And now ...Bc4 would win.} 26. Re4 Bf6 27. Qxd8+ Bxd8 28. b3 Kg7 29. Ke2 Bb6 30. g3 Kf6 31. f4 h5 32. fxg5+ Kxg5 33. Rb4 (33. Kf1 $142) 33... Bg4+ 34. Kd3 f5 35. a4 Bf3 36. Rf4 Be4+ 37. Ke2 Bc7 38. Rf1 h4 39. gxh4+ Kxh4 40. Rf2 Kg4 41. Kd2 Bb6 42. Re2 Ba5+ 43. Ke3 Bb6+ (43... Bf3 $142 44. Rc2 Bb6+ 45. Kd2 f4) 44. Kd2 Kf3 45. b4 f4 46. h4 Be3+ 47. Ke1 Bd3 48. Ra2 Kg4 (48... Ke4 $142 49. a5 f3) 49. Rh2 Kg3 {Accuracy: White = 46%, Black = 76%.} 0-1

[Event "SVK Amateur-ch 2020"]
[Site "Topolcany"]
[Date "2020.07.11"]
[Round "3.27"]
[White "Dzwierzynski, Bartosz"]
[Black "Pokrupa, Marek"]
[Result "1-0"]
[WhiteElo "1869"]
[BlackElo "2187"]
[Annotator "ChessBase"]
[PlyCount "81"]
[EventDate "2020.07.10"]
[EventType "swiss"]
[EventCountry "SVK"]
[SourceTitle "playchess.com"]
[Source "ChessBase"]
[SourceQuality "1"]
[TimeControl "3600+30"]

1. d4 {[%emt 0:00:00]} Nf6 {[%emt 0:00:00]} 2. c4 {[%emt 0:00:00]} g6 {[%emt 0:00:00]} 3. Nc3 {[%emt 0:00:00]} Bg7 {[%emt 0:00:08]} 4. e4 {[%emt 0:00:00]} d6 {[%emt 0:00:04]} 5. Nf3 {[%emt 0:00:53]} O-O {[%emt 0:00:17]} 6. Be2 {[%emt 0:00:03]} e5 {[%emt 0:00:10]} 7. O-O {[%emt 0:00:37]} Nc6 {[%emt 0:00:06]} 8. d5 {[%emt 0:00:06]} Ne7 {[%emt 0:00:04]} 9. b4 {[%emt 0:01:47]} a5 {[%emt 0:03:51]} 10. Ba3 {[%emt 0:00:15]} Nd7 {[%emt 0:15:07]} 11. bxa5 {[%emt 0:04:04]} Kh8 {[%emt 0:05:26]} 12. Bb4 {[%emt 0:06:08]} Ng8 {[%emt 0:01:25]} 13. Nd2 {[%emt 0:03:42]} f5 {[%emt 0:00:26]} 14. Nb3 {[%emt 0:00:53]} Ngf6 {[%emt 0:02:45]} 15. c5 {[%emt 0:08:07]} dxc5 {[%emt 0:09:47]} 16. Nxc5 {[%emt 0:00:49]} Nxc5 {[%emt 0:00:24]} 17. Bxc5 {[%emt 0:00:06]} Rg8 {[%emt 0:02:14]} 18. f3 {[%emt 0:00:12]} Rxa5 {[%emt 0:00:58]} 19. Bb4 {[%emt 0:01:19]} Ra8 {[%emt 0:00:18]} 20. Qb3 {[%emt 0:03:52]} Bh6 {[%emt 0:03:10]} 21. Bc5 {[%emt 0:07:42]} b6 {[%emt 0:08:31]} 22. Bf2 {[%emt 0:00:13]} fxe4 {[%emt 0:00:24]} 23. fxe4 {[%emt 0:06:20]} Ng4 {[%emt 0:00:04]} 24. Bxg4 {[%emt 0:00:31]} Bxg4 {[%emt 0:00:02]} 25. h3 {[%emt 0:00:55]} Bd7 {[%emt 0:00:53]} 26. d6 {[%emt 0:00:19]} cxd6 {[%emt 0:05:57]} 27. Bxb6 {[%emt 0:00:38]} Qg5 {[%emt 0:00:30]} 28. Nd5 {[%emt 0:02:09]} Ba4 {[%emt 0:02:18]} 29. Qb4 {[%emt 0:02:34]} Bc2 {[%emt 0:00:12]} 30. a4 {[%emt 0:01:10]} Rgc8 {[%emt 0:02:01]} 31. Rf3 {[%emt 0:03:31]} Qh4 {[%emt 0:00:45]} 32. Rf7 {[%emt 0:06:17]} Rf8 {[%emt 0:01:46]} 33. Raf1 {[%emt 0:01:19]} Rxf7 {[%emt 0:04:19]} 34. Rxf7 {[%emt 0:00:31]} Kg8 {[%emt 0:00:35]} 35. Rf2 {[%emt 0:01:42]} Rxa4 {[%emt 0:01:03]} 36. Qc3 {[%emt 0:00:23]} Ra8 {[%emt 0:01:19]} 37. Qxc2 {[%emt 0:00:11]} Ra1+ {[%emt 0:00:09]} 38. Kh2 {[%emt 0:01:34]} Bf4+ {[%emt 0:00:21]} 39. Nxf4 {[%emt 0:00:07]} exf4 {[%emt 0:00:05]} 40. Qc8+ {[%emt 0:01:37]} Kf7 {[%emt 0:00:02]} 41. Qd7+ {[%emt 0:00:30]} 1-0

[Event "SVK Amateur-ch 2020"]
[Site "Topolcany"]
[Date "2020.07.11"]
[Round "3.28"]
[White "Wozniak, Marcin"]
[Black "Bango, Lukas"]
[Result "0-1"]
[WhiteElo "2212"]
[BlackElo "2153"]
[Annotator "TA"]
[PlyCount "66"]
[EventDate "2020.07.10"]
[EventType "swiss"]
[EventCountry "SVK"]
[SourceTitle "playchess.com"]
[Source "ChessBase"]
[SourceQuality "1"]

{[%evp 9,66,41,56,55,44,44,47,30,63,0,9,3,68,51,45,-11,18,0,99,40,33,37,41,39,41,7,48,0,0,0,0,0,43,0,0,1,47,-17,-30,-62,-72,-195,-216,-299,-284,-288,-266,-419,-348,-341,-310,-379,-381,-487,-484,-29997,-29995,-29998,-29999]} 1. e4 d6 2. d4 g6 3. Nc3 Bg7 4. Be3 Nf6 5. f3 a6 6. Qd2 {B07: Pirc Defence: Miscellaneous Systems.} b5 {[%cal Bb7b5,Bb5b4][%mdl 32]} 7. Bh6 Bxh6 8. Qxh6 {[#] White is slightly better.} b4 $146 ({Predecessor:} 8... e5 9. O-O-O exd4 10. Rxd4 Be6 11. Nge2 Nbd7 12. Rd2 Ne5 13. Nd5 Bxd5 14. exd5 Nc4 {½-½ (60) Zhigalko,S (2669)-Tarlev,K (2596) Calimanesti Caciulata 2016}) 9. Nd5 (9. Nd1 $1 $14) 9... Nxd5 $11 10. exd5 c6 (10... Bb7 $11) 11. Qg7 Rf8 12. Qxh7 (12. Bc4 $14) 12... Qa5 {Strongly threatening ...b3+.} 13. Bd3 Nd7 (13... Qxd5 $11 14. Qh4 Bf5) 14. Ne2 (14. dxc6 $16 Ne5 15. Qh6 (15. dxe5 Qxe5+ 16. Ne2 Rh8 $17) 15... Nxc6 16. Ne2) 14... Nf6 $14 15. Qh6 Qxd5 16. Qe3 Rh8 17. Kf2 Qa5 18. Nf4 g5 $36 {[%mdl 2048] Black is more active.} 19. Rhe1 {[%csl Ge1][%cal Re3e7]} Ra7 20. Ne2 $1 Rc7 21. Ng3 g4 22. Qf4 Be6 23. Bf5 ({White should play} 23. fxg4 $14 Nxg4+ 24. Kg1) 23... Qd5 $11 24. Bxe6 fxe6 25. Ne4 {White does not recover from this.} (25. fxg4 $17 {was worth a try.} Rg8 26. h3) 25... Qxd4+ $19 {[%mdl 64] [#] Double Attack} 26. Qe3 Nxe4+ ({Much less strong is} 26... Qxb2 27. Kg1 $19) 27. fxe4 Qxb2 28. Qb6 (28. Kg1 $142) 28... Kd7 {aiming for ...c5.} 29. Kg1 Qc3 ({But not} 29... Qxc2 30. Qxb4 Rf8 31. e5) 30. Rad1 g3 31. h3 Qxc2 32. Qxa6 (32. Qe3 $19 Qxa2 33. Qxg3) 32... Qf2+ 33. Kh1 {[#]} Rxh3+ $1 {[%mdl 512] Accuracy: White = 29%, Black = 72%.} 0-1